000
00322nam a2200121Ia 4500
005
20251222140029.0
008
251222s1900||||xx |||||||||||||| ||spa||
020
_a
84-220-0689-8
082
_a
234/M26H/T.2
100
_a
"Martín Descalzo, José LuisOrtega, Joaquín L.Ugarte, Lorenzo"
245
0
_a
Cristo hoy
942
_c
LIB
999
_c
2912
_d
2912